| 000 | 00680nam a2200241 a 4500 | ||
|---|---|---|---|
| 005 | 20210219153455.0 | ||
| 008 | 991125n 000 0 u | ||
| 035 | _aUPN01000101812 | ||
| 100 | _aSchlene, Vickie J. | ||
| 222 | _aMORAL EDUCATION FORUM | ||
| 245 | _aTeaching the responsabilities of citizenship : an ERIC/CHESS sample | ||
| 300 | _a20-21 | ||
| 362 | _a17, No. 1, 1992 | ||
| 505 | _aMarzo 1993 | ||
| 653 | 0 | _aCIVISMO | |
| 653 | 0 | _aEDUCACION CIVICA | |
| 653 | 0 | _aINSTRUCCION ETICA | |
| 653 | 0 | _aPARTICIPACION DE LOS CIUDADANOS | |
| 653 | 0 | _aPARTICIPATIVE DECISION MAKING | |
| 653 | 0 | _aVALORES DEMOCRATICOS | |
| 904 |
_aAC _b039623 |
||
| 905 | _aArticulo | ||
| 999 |
_c77823 _d77823 |
||